| 000 | 00752cam a22002531 4500 | ||
|---|---|---|---|
| 001 | 15032 | ||
| 003 | BD-RjUL | ||
| 005 | 20211208235734.0 | ||
| 008 | 140209s1967 nyua 000 0 eng | ||
| 035 | _a(BD-RjUL)15086 | ||
| 040 |
_aDLC _cDLC _d(BD-RjUL) _beng |
||
| 041 | _aeng | ||
| 082 | 0 | 0 |
_a657 _bMEA 1967 |
| 100 | 1 |
_aMeigs, Walter B. _946799 |
|
| 245 | 0 | 0 |
_aAccounting: the basic for business decisions / _c[by] Walter B. Meigs & Charles E. Johnson. |
| 250 | _a2d ed. | ||
| 260 |
_aNew York : _bMcGraw-Hill , _c1967. |
||
| 300 |
_axv, 917 p. : _billus. ; _c24 cm. |
||
| 650 | 0 |
_aAccounting. _946800 |
|
| 700 | 1 |
_aJohnson, Charles E., _d-1969, _ejoint author. _946801 |
|
| 942 |
_2ddc _cBK |
||
| 999 |
_c15032 _d15032 |
||